000 00484pab a2200169 454500
008 180718b2005 xxu||||| |||| 00| 0 eng d
100 _aGhosh, Jayati
245 _aTwelfth Finance Commission and restructuring of state government debt: a note
260 _c2005
300 _ap.3435-439.
362 _a30 Jul
650 _aTwelfth Finance Commission
650 _aPublic finance - India
650 _aPublic finance
773 _aEconomic and Political Weekly
909 _a66482
999 _c66482
_d66482